Name a Pokémon Move A-Z - Statistics

General Stats
  • This quiz has been taken 64 times
  • The average score is 19 of 26
Answer Stats
Letter Move(s) cont. # % Correct
F Fire Punch | Flash | Fly | ... Facade | Fairy Lock | Fairy Wind | Fake Out | Fake Tears | False Surrender | False Swipe | Feather Dance | Feint | Feint Attack | Fell Stinger | Fickle Beam | Fiery Dance | Fiery Wrath | Fillet Away | Final Gambit | Fire Blast | Fire Fang | Fire Lash | Fire Pledge | Fire Spin | First Impression | Fishious Rend | Fissure | Flail | Flame Burst | Flame Charge | Flame Wheel | Flamethrower | Flare Blitz | Flash Cannon | Flatter | Fleur Cannon | Fling | Flip Turn | Floaty Fall | Floral Healing | Flower Shield | Flower Trick | Flying Press | Focus Blast | Focus Energy | Focus Punch | Follow Me | Force Palm | Foresight | Forest's Curse | Foul Play | Freeze Shock | Freeze-Dry | Freezing Glare | Freezy Frost | Frenzy Plant | Frost Breath | Frustration | Fury Attack | Fury Cutter | Fury Swipes | Fusion Bolt | Fusion Flare | Future Sight 64
98%
S Scratch | Shadow Ball | Surf | ... Sacred Fire | Sacred Sword | Safeguard | Salt Cure | Sand Attack | Sand Tomb | Sandsear Storm | Sandstorm | Sappy Seed | Savage Spin-Out | Scald | Scale Shot | Scary Face | Scorching Sands | Screech | Searing Shot | Searing Sunraze Smash | Secret Power | Secret Sword | Seed Bomb | Seed Flare | Seismic Toss | Self-Destruct | Shadow Bone | Shadow Claw | Shadow Force | Shadow Punch | Shadow Sneak | Sharpen | Shattered Psyche | Shed Tail | Sheer Cold | Shell Side Arm | Shell Smash | Shell Trap | Shelter | Shift Gear | Shock Wave | Shore Up | Signal Beam | Silk Trap | Silver Wind | Simple Beam | Sing | Sinister Arrow Raid | Sizzly Slide | Sketch | Skill Swap | Skitter Smack | Skull Bash | Sky Attack | Sky Drop | Sky Uppercut | Slack Off | Slam | Slash | Sleep Powder | Sleep Talk | Sludge | Sludge Bomb | Sludge Wave | Smack Down | Smart Strike | Smelling Salts | Smog | Smokescreen | Snap Trap | Snarl | Snatch | Snipe Shot | Snore | Snowscape | Soak | Soft-Boiled | Solar Beam | Solar Blade | Sonic Boom | Soul-Stealing 7-Star Strike | Spacial Rend | Spark | Sparkling Aria | Sparkly Swirl | Spectral Thief | Speed Swap | Spicy Extract | Spider Web | Spike Cannon | Spikes | Spiky Shield | Spin Out | Spirit Break | Spirit Shackle | Spit Up | Spite | Splash | Splintered Stormshards | Splishy Splash | Spore | Spotlight | Springtide Storm | Stealth Rock | Steam Eruption | Steamroller | Steel Beam | Steel Roller | Steel Wing | Sticky Web | Stockpile | Stoked Sparksurfer | Stomp | Stomping Tantrum | Stone Axe | Stone Edge | Stored Power | Storm Throw | Strange Steam | Strength | Strength Sap | String Shot | Struggle | Struggle Bug | Stuff Cheeks | Stun Spore | Submission | Substitute | Subzero Slammer | Sucker Punch | Sunny Day | Sunsteel Strike | Super Fang | Supercell Slam | Superpower | Supersonic | Supersonic Skystrike | Surging Strikes | Swagger | Swallow | Sweet Kiss | Sweet Scent | Swift | Switcheroo | Swords Dance | Synchronoise | Synthesis | Syrup Bomb 148
95%
A Absorb | Aerial Ace | Aqua Jet | ... Accelerock | Acid | Acid Armor | Acid Downpour | Acid Spray | Acrobatics | Acupressure | Aeroblast | After You | Agility | Air Cutter | Air Slash | All-Out Pummeling | Alluring Voice | Ally Switch | Amnesia | Anchor Shot | Ancient Power | Apple Acid | Aqua Cutter | Aqua Ring | Aqua Step | Aqua Tail | Arm Thrust | Armor Cannon | Aromatherapy | Aromatic Mist | Assist | Assurance | Astonish | Astral Barrage | Attack Order | Attract | Aura Sphere | Aura Wheel | Aurora Beam | Aurora Veil | Autotomize | Avalanche | Axe Kick 43
93%
B Bite | Blizzard | Bubble | ... Baby-Doll Eyes | Baddy Bad | Baneful Bunker | Barb Barrage | Barrage | Barrier | Baton Pass | Beak Blast | Beat Up | Behemoth Bash | Behemoth Blade | Belch | Belly Drum | Bestow | Bide | Bind | Bitter Blade | Bitter Malice | Black Hole Eclipse | Blast Burn | Blaze Kick | Blazing Torque | Bleakwind Storm | Block | Blood Moon | Bloom Doom | Blue Flare | Body Press | Body Slam | Bolt Beak | Bolt Strike | Bone Club | Bone Rush | Bonemerang | Boomburst | Bounce | Bouncy Bubble | Branch Poke | Brave Bird | Breaking Swipe | Breakneck Blitz | Brick Break | Brine | Brutal Swing | Bubble Beam | Bug Bite | Bug Buzz | Bulk Up | Bulldoze | Bullet Punch | Bullet Seed | Burn Up | Burning Bulwark | Burning Jealousy | Buzzy Buzz 58
93%
D Dark Pulse | Dig | Dragon Dance | ... Dark Void | Darkest Lariat | Dazzling Gleam | Decorate | Defend Order | Defense Curl | Defog | Destiny Bond | Detect | Devastating Drake | Diamond Storm | Dire Claw | Disable | Disarming Voice | Discharge | Dive | Dizzy Punch | Doodle | Doom Desire | Double Hit | Double Iron Bash | Double Kick | Double Shock | Double Slap | Double Team | Double-Edge | Draco Meteor | Dragon Ascent | Dragon Breath | Dragon Cheer | Dragon Claw | Dragon Darts | Dragon Energy | Dragon Hammer | Dragon Pulse | Dragon Rage | Dragon Rush | Dragon Tail | Drain Punch | Draining Kiss | Dream Eater | Drill Peck | Drill Run | Drum Beating | Dual Chop | Dual Wingbeat | Dynamax Cannon | Dynamic Punch 51
93%
M Mega Drain | Mist | Moonblast | ... Mach Punch | Magic Coat | Magic Powder | Magic Room | Magical Leaf | Magical Torque | Magma Storm | Magnet Bomb | Magnet Rise | Magnetic Flux | Magnitude | Make It Rain | Malicious Moonsault | Malignant Chain | Mat Block | Matcha Gotcha | Max Airstream | Max Darkness | Max Flare | Max Flutterby | Max Geyser | Max Guard | Max Hailstorm | Max Knuckle | Max Lightning | Max Mindstorm | Max Ooze | Max Overgrowth | Max Phantasm | Max Quake | Max Rockfall | Max Starfall | Max Steelspike | Max Strike | Max Wyrmwind | Me First | Mean Look | Meditate | Mega Kick | Mega Punch | Megahorn | Memento | Menacing Moonraze Maelstrom | Metal Burst | Metal Claw | Metal Sound | Meteor Assault | Meteor Beam | Meteor Mash | Metronome | Mighty Cleave | Milk Drink | Mimic | Mind Blown | Mind Reader | Minimize | Miracle Eye | Mirror Coat | Mirror Move | Mirror Shot | Mist Ball | Misty Explosion | Misty Terrain | Moongeist Beam | Moonlight | Morning Sun | Mortal Spin | Mountain Gale | Mud Bomb | Mud Shot | Mud Sport | Mud-Slap | Muddy Water | Multi-Attack | Mystical Fire | Mystical Power 79
93%
T Tackle | Thunder | Toxic | ... Tachyon Cutter | Tail Glow | Tail Slap | Tail Whip | Tailwind | Take Down | Take Heart | Tar Shot | Taunt | Tearful Look | Teatime | Techno Blast | Tectonic Rage | Teeter Dance | Telekinesis | Teleport | Temper Flare | Tera Blast | Tera Starstorm | Terrain Pulse | Thief | Thousand Arrows | Thousand Waves | Thrash | Throat Chop | Thunder Cage | Thunder Fang | Thunder Punch | Thunder Shock | Thunder Wave | Thunderbolt | Thunderclap | Thunderous Kick | Tickle | Tidy Up | Topsy-Turvy | Torch Song | Torment | Toxic Spikes | Toxic Thread | Trailblaze | Transform | Tri Attack | Trick | Trick Room | Trick-or-Treat | Triple Arrows | Triple Axel | Triple Dive | Triple Kick | Trop Kick | Trump Card | Twin Beam | Twineedle | Twinkle Tackle | Twister 59
90%
C Confusion | Crunch | Cut | ... Calm Mind | Camouflage | Captivate | Catastropika | Ceaseless Edge | Celebrate | Charge | Charge Beam | Charm | Chatter | Chilling Water | Chilly Reception | Chip Away | Chloroblast | Circle Throw | Clamp | Clanging Scales | Clangorous Soul | Clangorous Soulblaze | Clear Smog | Close Combat | Coaching | Coil | Collision Course | Combat Torque | Comet Punch | Comeuppance | Confide | Confuse Ray | Constrict | Continental Crush | Conversion | Conversion 2 | Copycat | Core Enforcer | Corkscrew Crash | Corrosive Gas | Cosmic Power | Cotton Guard | Cotton Spore | Counter | Court Change | Covet | Crabhammer | Crafty Shield | Cross Chop | Cross Poison | Crush Claw | Crush Grip | Curse 53
88%
H Hail | Hydro Pump | Hyper Beam | ... Hammer Arm | Happy Hour | Hard Press | Harden | Haze | Head Charge | Head Smash | Headbutt | Headlong Rush | Heal Bell | Heal Block | Heal Order | Heal Pulse | Healing Wish | Heart Stamp | Heart Swap | Heat Crash | Heat Wave | Heavy Slam | Helping Hand | Hex | Hidden Power | High Horsepower | High Jump Kick | Hold Back | Hold Hands | Hone Claws | Horn Attack | Horn Drill | Horn Leech | Howl | Hurricane | Hydro Cannon | Hydro Steam | Hydro Vortex | Hyper Drill | Hyper Fang | Hyper Voice | Hyperspace Fury | Hyperspace Hole | Hypnosis 44
88%
W Water Gun | Will-O-Wisp | Wing Attack | ... Wake-Up Slap | Water Pledge | Water Pulse | Water Shuriken | Water Sport | Water Spout | Waterfall | Wave Crash | Weather Ball | Whirlpool | Whirlwind | Wicked Blow | Wicked Torque | Wide Guard | Wild Charge | Wildbolt Storm | Will-O-Wisp | Wish | Withdraw | Wonder Room | Wood Hammer | Work Up | Worry Seed | Wrap | Wring Out 27
88%
I Ice Punch | Inferno | Iron Tail | ... Ice Ball | Ice Beam | Ice Burn | Ice Fang | Ice Hammer | Ice Shard | Ice Spinner | Icicle Crash | Icicle Spear | Icy Wind | Imprison | Incinerate | Infernal Parade | Inferno Overdrive | Infestation | Ingrain | Instruct | Ion Deluge | Iron Defense | Iron Head | Ivy Cudgel 24
85%
L Leech Seed | Leer | Lick | ... Land's Wrath | Laser Focus | Lash Out | Last Resort | Last Respects | Lava Plume | Leaf Blade | Leaf Storm | Leaf Tornado | Leafage | Leech Life | Let's Snuggle Forever | Life Dew | Light of Ruin | Light Screen | Light That Burns the Sky | Liquidation | Lock-On | Lovely Kiss | Low Kick | Low Sweep | Lucky Chant | Lumina Crash | Lunar Blessing | Lunar Dance | Lunge | Luster Purge 29
85%
P Peck | Protect | Psychic | ... Pain Split | Parabolic Charge | Parting Shot | Pay Day | Payback | Perish Song | Petal Blizzard | Petal Dance | Phantom Force | Photon Geyser | Pika Papow | Pin Missile | Plasma Fists | Play Nice | Play Rough | Pluck | Poison Fang | Poison Gas | Poison Jab | Poison Powder | Poison Sting | Poison Tail | Pollen Puff | Poltergeist | Population Bomb | Pounce | Pound | Powder | Powder Snow | Power Gem | Power Shift | Power Split | Power Swap | Power Trick | Power Trip | Power Whip | Power-Up Punch | Precipice Blades | Present | Prismatic Laser | Psybeam | Psyblade | Psych Up | Psychic Fangs | Psychic Noise | Psychic Terrain | Psycho Boost | Psycho Cut | Psycho Shift | Psyshield Bash | Psyshock | Psystrike | Psywave | Pulverizing Pancake | Punishment | Purify | Pursuit | Pyro Ball 61
85%
E Earthquake | Ember | Explosion | ... Earth Power | Echoed Voice | Eerie Impulse | Eerie Spell | Egg Bomb | Electric Terrain | Electrify | Electro Ball | Electro Drift | Electro Shot | Electroweb | Embargo | Encore | Endeavor | Endure | Energy Ball | Entrainment | Eruption | Esper Wing | Eternabeam | Expanding Force | Extrasensory | Extreme Evoboost | Extreme Speed 27
83%
R Rain Dance | Roar | Rock Smash | ... Rage | Rage Fist | Rage Powder | Raging Bull | Raging Fury | Rapid Spin | Razor Leaf | Razor Shell | Razor Wind | Recover | Recycle | Reflect | Reflect Type | Refresh | Relic Song | Rest | Retaliate | Return | Revelation Dance | Revenge | Reversal | Revival Blessing | Rising Voltage | Roar of Time | Rock Blast | Rock Climb | Rock Polish | Rock Slide | Rock Throw | Rock Tomb | Rock Wrecker | Role Play | Rolling Kick | Rollout | Roost | Rototiller | Round | Ruination 41
78%
G Giga Drain | Giga Impact | Growl | ... G-Max Befuddle | G-Max Cannonade | G-Max Centiferno | G-Max Chi Strike | G-Max Cuddle | G-Max Depletion | G-Max Drum Solo | G-Max Finale | G-Max Fireball | G-Max Foam Burst | G-Max Gold Rush | G-Max Gravitas | G-Max Hydrosnipe | G-Max Malodor | G-Max Meltdown | G-Max One Blow | G-Max Rapid Flow | G-Max Replenish | G-Max Resonance | G-Max Sandblast | G-Max Smite | G-Max Snooze | G-Max Steelsurge | G-Max Stonesurge | G-Max Stun Shock | G-Max Sweetness | G-Max Tartness | G-Max Terror | G-Max Vine Lash | G-Max Volcalith | G-Max Volt Crash | G-Max Wildfire | G-Max Wind Rage | Gastro Acid | Gear Grind | Gear Up | Genesis Supernova | Geomancy | Gigaton Hammer | Gigavolt Havoc | Glacial Lance | Glaciate | Glaive Rush | Glare | Glitzy Glow | Grass Knot | Grass Pledge | Grass Whistle | Grassy Glide | Grassy Terrain | Grav Apple | Gravity | Growth | Grudge | Guard Split | Guard Swap | Guardian of Alola | Guillotine | Gunk Shot | Gust | Gyro Ball 64
76%
Q Quick Attack | Quick Guard | Quiver Dance | ... Quash 4
66%
V Venoshock | Vine Whip | Volt Switch | ... V-create | Vacuum Wave | Veevee Volley | Venom Drench | Victory Dance | Vise Grip | Vital Throw | Volt Tackle 11
63%
N Nasty Plot | Night Slash | Nuzzle | ... Natural Gift | Nature Power | Nature's Madness | Needle Arm | Never-Ending Nightmare | Night Daze | Night Shade | Nightmare | Nihil Light | No Retreat | Noble Roar | Noxious Torque 15
56%
O Origin Pulse | Outrage | Overheat | ... Oblivion Wing | Obstruct | Oceanic Operetta | Octazooka | Octolock | Odor Sleuth | Ominous Wind | Order Up | Origin Pulse | Outrage | Overdrive | Overheat 12
49%
J Jet Punch | Judgment | Jump Kick | ... Jaw Lock | Jungle Healing 5
46%
Z Zap Cannon | Zen Headbutt | Zippy Zap | ... Zing Zap 4
44%
K Karate Chop | King's Shield | Knock Off | ... Kinesis | Kowtow Cleave 5
41%
U U-turn | Upper Hand | Uproar - 3
37%
X X-Scissor - 1
24%
Y Yawn - 1
20%
No matching quizzes found
Score Distribution
Percent of People with Each Score
Percentile by Number Answered
Your Score History
You have not taken this quiz